| 000 | 00345nam a22001337a 4500 | ||
|---|---|---|---|
| 020 | _qPB. | ||
| 040 | _cFIZZA ISHAQ | ||
| 082 |
_a628.15 _bWIL |
||
| 100 |
_aWHIDDEN, B. WILLIAM. _991188 |
||
| 245 |
_aBURIED FLEXIBLE STEEL PIPE / _cWILLIAM B. WHIDDEN. |
||
| 260 |
_aNEW YORK ; _bAMERICAN SOCIETY, _c2009. |
||
| 300 | _a199 P. ; | ||
| 942 |
_2ddc _cBK |
||
| 999 |
_c589349 _d589349 |
||